Norwich City Players 2010–2019 - Statistics

General Stats
  • This quiz has been taken 10 times
  • The average score is 78 of 143
Answer Stats
Answer % Correct
Chris Martin
100%
Grant Holt
100%
Russell Martin
100%
Angus Gunn
88%
Bradley Johnson
88%
David Fox
88%
Declan Rudd
88%
Grant Hanley
88%
John Ruddy
88%
Jonny Howson
88%
Michael McGovern
88%
Oli Johnson
88%
Reece Hall-Johnson
88%
Sébastien Bassong
88%
Simeon Jackson
88%
Teemu Pukki
88%
Tim Krul
88%
Timm Klose
88%
Wes Hoolahan
88%
Adam Idah
75%
Alex Tettey
75%
Christoph Zimmermann
75%
Elliott Bennett
75%
Emi Buendía
75%
Gary O'Neil
75%
Ivo Pinto
75%
Jacob Murphy
75%
Jamal Lewis
75%
James Maddison
75%
Jordan Rhodes
75%
Josh Murphy
75%
Kenny McLean
75%
Korey Smith
75%
Martin Olsson
75%
Max Aarons
75%
Nathan Redmond
75%
Nélson Oliveira
75%
Ricky van Wolfswinkel
75%
Robert Snodgrass
75%
Ryan Bennett
75%
Steven Naismith
75%
Steven Smith
75%
Todd Cantwell
75%
Tom Trybull
75%
Adam Drury
63%
Anthony Pilkington
63%
Cameron Jerome
63%
Dennis Srbeny
63%
Fraser Forster
63%
Gary Hooper
63%
Harrison Reed
63%
Javier Garrido
63%
Kyle Lafferty
63%
Leroy Fer
63%
Lewis Grabban
63%
Marco Stiepermann
63%
Marc Tierney
63%
Mario Vrančić
63%
Mark Bunn
63%
Michael Turner
63%
Moritz Leitner
63%
Onel Hernández
63%
Owain Tudur Jones
63%
Robbie Brady
63%
Simon Lappin
63%
Steven Whittaker
63%
Alex Pritchard
50%
Anthony McNamee
50%
Ben Godfrey
50%
Ben Marshall
50%
Carlos Cuéllar
50%
Carlton Morris
50%
Daniel Pacheco
50%
Darel Russell
50%
Elliott Ward
50%
Felix Passlack
50%
Gary Doherty
50%
Graham Dorrans
50%
Harry Kane
50%
Ignasi Miquel
50%
Jamar Loza
50%
Jed Steer
50%
Lee Camp
50%
Leon Barnett
50%
Louis Thompson
50%
Luciano Becchio
50%
Marcel Franke
50%
Matt Jarvis
50%
Mitchell Dijks
50%
Paul Jones
50%
Paul McVeigh
50%
Vadis Odjidja-Ofoe
50%
Yanic Wildschut
50%
Youssouf Mulumbu
50%
Zak Whitbread
50%
Aaron Wilbraham
38%
Andrew Crofts
38%
Andrew Surman
38%
Cody McDonald
38%
Harry Toffolo
38%
Henri Lansbury
38%
Jens Berthel Askou
38%
Joseph Yobo
38%
Jos Hooiveld
38%
Josip Drmić
38%
Kei Kamara
38%
Kyle Callan-McFadden
38%
Kyle Naughton
38%
Marcus Edwards
38%
Marley Watkins
38%
Michael Nelson
38%
Philip Heise
38%
Rob Edwards
38%
Sam Vokes
38%
Sean Raggett
38%
Stephen Hughes
38%
Steve Morison
38%
Tony Andreu
38%
Andre Wisdom
25%
Cameron King
25%
Daniel Ayala
25%
Dieumerci Mbokani
25%
George Francomb
25%
Ibrahim Amadou
25%
Jacob Butterfield
25%
James Husband
25%
James Vaughan
25%
Johan Elmander
25%
Jonás Gutiérrez
25%
Luke Daley
25%
Michael Rose
25%
Michael Spillane
25%
Patrick Bamford
25%
Patrick Roberts
25%
Ralf Fährmann
25%
Ritchie De Laet
25%
Sam Byram
25%
Sergi Canós
25%
Stephen Elliott
25%
Conor McGrandles
13%
Josh Dawkin
13%
Matt Gill
13%
Ray Grant
13%
No matching quizzes found
Score Distribution
Percent of People with Each Score
Percentile by Number Answered
Your Score History
You have not taken this quiz